000 00729nam a22002177a 4500
005 20150520111403.0
008 140714b xxu||||| |||| 00| 0 Urdu d
010 _aUR-8929
020 _c500.00
035 _aU-7484
037 _bBPPD/Pub/Ven
040 _aDPL
_bUrdu
082 _a840
100 _aصد يقی نثا ر ا حمد
245 _aآ ءينہ :ا د بی ا نثر و يو ز
_cصد يقی نثا ر ا حمد
246 _aAyna : Adabi Interviews
_bBy Siddiqui Nisar Ahmad
260 _bEducational Publishing House
_c2012
_aDelhi
270 _a3108,Vakil Street Kucha Pandit,Lal Kuan
_bDelhi
_k01123216162
_e110006
300 _a528ص
_c22Cm (Hb)
942 _2ddc
_cUR
_e
_h840
_mص د ی
999 _c93764
_d93764